Columbine, Cache-Cache - Statistiques

Statistiques générales
  • Ce quiz a été pris 79 fois
  • Le résultat moyen est 57 sur 75
Statistiques - réponses
paroles paroles paroles paroles paroles % Correct
de pointure est célèbre
98%
peu ta depuis daron columbine
98%
un là-bas manière ton mais
98%
un ta l'écouter columbine
98%
ca columbine conscience lèvres
97%
plus p'tite qu'j'suis qui est
97%
se cool-al sauver bas
92%
que j'ai etre pourquoi
89%
qu'elle et pour en
89%
qu'elle qui paris m'en
89%
qu'on en les pour
89%
s'en toi bombes raconter
89%
veut monte sous sers
89%
aille elle levé c'que
88%
c'est colère voir je
88%
elle veines pas toi
88%
sent sens l'monde d'chez
88%
mal la j'veux moi
86%
traces les j'ai en
86%
dit sang grandi j'descends
85%
les de rien la
85%
les j'passe tout l'âge
85%
yeux nos j'veux colère
85%
encore et à j'vois
83%
encore pour melon ses
83%
encore à pour pas
83%
ses dans avoir monte
83%
sur pas tout qui
83%
j'ferme traces de toi
82%
et sa fil vivre
77%
jean de au de
77%
j'en j'm'en tombe boucche
77%
tes bouche des à
77%
t'es l'âge j'me tu
77%
t'es pas j'me bouche
77%
ton j'passe stagner l'âge
77%
ton ses te dis-moi
77%
enleve j'vois que passé
75%
qui raconter on lèvres
75%
vois sers couleur à
75%
marches n'existent de
72%
marches pas l'soleil sa
72%
nike à saisons ta
72%
cash sur j'prends absent
71%
cash les soin déshabille
71%
chez t'énerves des de
69%
hotel manière et mais
69%
nul pourquoi pièces célèbre
69%
on ses elle manière
69%
part tu dans j'passe
69%
pas célèbre m'rattraper passé
69%
pas à semblant manière
69%
pas l'âge t'es tu
69%
quelques lui l'heure j'passe
69%
moi t'aimes gobelets sa
68%
quand passé harcelée pourquoi
68%
j'suis dis-moi j'donne columbine
66%
s'voit lèvres raconte dis-moi
66%
trop columbine donne à
66%
partout pourquoi des est
65%
idéal lèvrej'ais cache pourquoi
62%
j'insiste bouche fais ta
62%
m'excite est pour j'ai
62%
sont de bien vivre
62%
closes sa je à
60%
n'existe passé pas pourquoi
60%
portes passe va de
60%
high de fais t'énerves
58%
high vivre petit t'aimes
58%
ici ta t'as columbine
58%
open mais bonne ses
58%
s'marrent c'que n'fait j'ai
58%
donc de comme t'énerves
55%
traines à l'monde pas
52%
tu vivre tout t'aimes
52%
Aucun quiz correspondant
Distribution des résultats
% des personnes avec chaque résultat
Percentile par nombre de réponses
Votre historique - résultats
Vous n’avez pas pris ce quiz